Catálogo
 En Linea
Vista normal Vista MARC

Entrada Nombre de reunión

Número de registros utilizados en: 1

001 - NÚMERO DE CONTROL

  • campo de control: 53927

003 - IDENTIFICADOR DEL NÚMERO DE CONTROL

  • campo de control: OSt

005 - FECHA Y HORA DE LA ÚLTIMA TRANSACCIÓN

  • campo de control: 20200615034548.0

008 - DATOS DE LONGITUD FIJA

  • campo de control de longitud fija: 200615|| aca||aabn | a|a d

040 ## - FUENTE DE LA CATALOGACIÓN

  • Centro catalogador/agencia de origen: OSt
  • Centro/agencia transcriptor: OSt

111 ## - ENCABEZAMIENTO--NOMBRE DE CONGRESO/REUNIÓN

  • Nombre de congreso/reunión o jurisdicción como elemento de entrada: Seminario internacional, reclamaciones en la construcción situaciones y soluciones
  • Fecha del congreso/reunión: (1984:
  • Sede del congreso/Lugar de la reunión: Santo Domingo :
  • Número del congreso/reunión o número de parte o sección: 23-25 noviembre)

670 ## - FUENTE DE DATOS ENCONTRADOS

  • Cita de la fuente: Work cat.: (OSt)26303: Seminario internacional, reclamaciones en la construcción situaciones y soluciones (1984: Santo Domingo : 23-25 noviembre), Reclamaciones en la construcción situaciones y soluciones., [1984?].

Con tecnología Koha